Discovering statistics using R /

Saved in:
Bibliographic Details
Main Authors: Field, Andy (Author), Miles, Jeremy (Author), Field, Zoe (Author)
Format: Book
Language:English
Published: London SAGE Publications 2012
Edition:1. vyd.
Tags: Add Tag
No Tags, Be the first to tag this record!

MARC

LEADER 00000nam a22000003a 4500
001 0069509
003 SK-STU
005 20240201134032.5
007 ta
008 181206s2012----xxk-adler-----001-0-eng-d
020 |a 978-1-4462-0045-2 
040 |a STU  |b slo 
041 0 |a eng  |h eng 
044 |a xxk 
100 1 |a Field, Andy  |4 aut  |r Z6 
245 1 0 |a Discovering statistics using R /  |c aut. Andy Field, Jeremy Miles, Zoe Field 
250 |a 1. vyd. 
260 |a London  |b SAGE Publications  |c 2012 
300 |a 957 s. 
700 1 |a Miles, Jeremy  |r Z6  |4 aut 
700 1 |a Field, Zoe  |r Z6  |4 aut 
996 |c I*12WS12922  |l II680  |s A  |a 24  |w 0069509_0001 
996 |c V* 52995/O-24155  |l VV6  |s P  |a 0  |w 0069509_0002